Normal view
MARC view
- Ethics, Nursing
Entry Topical Term
001 - CONTROL NUMBER
- control field: 5913
003 - CONTROL NUMBER IDENTIFIER
- control field: URS
005 - DATE AND TIME OF LATEST TRANSACTION
- control field: 20240718193812.0
008 - FIXED-LENGTH DATA ELEMENTS
- fixed length control field: 240718|| aca||babn | a|a d
040 ## - CATALOGING SOURCE
- Original cataloging agency: URS
150 ## - HEADING--TOPICAL TERM
- Topical term or geographic name entry element: Ethics, Nursing
- Geographic subdivision: United States.